Peshawar Mass Transit System Analytical Study and Proposed Plan (Record no. 551229)

000 -LEADER
fixed length control field 00357nam a22001337a 4500
082 ## - DEWEY DECIMAL CLASSIFICATION NUMBER
Classification number P-586
Author Mark P-586
100 ## - MAIN ENTRY--PERSONAL NAME
Personal name Usman Ali
9 (RLIN) 47627
245 ## - TITLE STATEMENT
Title Peshawar Mass Transit System Analytical Study and Proposed Plan
Statement of responsibility, etc. Usman Ali, Mustafa Farasat
260 ## - PUBLICATION, DISTRIBUTION, ETC.
Date of publication, distribution, etc. 2014
300 ## - PHYSICAL DESCRIPTION
Extent 179 P, :
526 ## - STUDY PROGRAM INFORMATION NOTE
Program name 0
Interest level 0
Reading level 0
Title point value P_586_P586
650 ## - SUBJECT ADDED ENTRY--TOPICAL TERM
Topical term or geographic name entry element Project
942 ## - ADDED ENTRY ELEMENTS (KOHA)
Source of classification or shelving scheme
Koha item type Book
Holdings
Withdrawn status Lost status Source of classification or shelving scheme Damaged status Not for loan Permanent Location Current Location Date acquired Total Checkouts Full call number Barcode Date last seen Date last checked out Price effective from Koha item type Public note
          Military College of Engineering (MCE) Military College of Engineering (MCE) 12/04/2014 1 P-586 P-586 MCE-P-586 08/19/2015 04/09/2015 12/04/2014 Book Project
© 2023 Central Library, National University of Sciences and Technology. All Rights Reserved.